| 000 | 00851nam a2200157 a 4500 | ||
|---|---|---|---|
| 008 | 100326s2003 ||||||||||||||||| || u | ||
| 050 | _aUN-ESCWA(02) | ||
| 110 | _aUnited Nations Economic and Social Commission for Western Asia (ESCWA) | ||
| 245 | 1 | 0 | _aAnalysis of performance and assessment of growth and productivity in the ESCWA Region, first issue |
| 260 |
_aNew York _bUnited Nations _c2003 |
||
| 300 | _avi; 24p.; ill. | ||
| 350 | _a0.00 | ||
| 650 | _aECONOMIC GROWTH TRANSFORMATION--RESEARCH --WESTERN ASIA | ||
| 995 |
_aSPECIAL COLLECTIONS _D0.00 _e44035 _FCBU-MAIN LIBRARY (Kitwe) _H1 _I0.00 _jUN-ESCWA(02)2003/ 4 _M1 _UAVAILABLE _WMar 26, 2010 _y44035 _ZInternational Publications |
||
| 995 |
_aSPECIAL COLLECTIONS _D0.00 _e03006137 _FCBU-MAIN LIBRARY (Kitwe) _H1 _I0.00 _jUN-ESCWA(02)2003/ 1 _M1 _UAVAILABLE _WApr 1, 2010 _y03006137 _ZInternational Publications |
||
| 999 |
_c83925 _d83925 |
||